| 000 | 00361nam a2200145Ia 4500 | ||
|---|---|---|---|
| 008 | 220613s9999||||xx |||||||||||||| ||und|| | ||
| 020 | _a978812656714 | ||
| 100 | _aGerard J Totrora | ||
| 245 | 0 | _aTortara Principles pf Anatomy & Physiology Study Guide | |
| 250 | _a15th/2017 | ||
| 260 | _bWiley | ||
| 300 | _a195 | ||
| 650 | _aAnatomy | ||
| 942 | _cPREC | ||
| 999 |
_c12534 _d12534 |
||